[Event "VII Sunway Sitges Open 2020"]
[Site "Sitges"]
[Date "2020.12.19"]
[Round "6.3"]
[White "Santos Latasa, Jaime"]
[Black "Batsiashvili, Nino"]
[Result "1-0"]
[WhiteElo "2600"]
[BlackElo "2460"]
[Annotator "TA"]
[PlyCount "85"]
[EventDate "2020.12.13"]
[EventType "swiss"]
[EventCountry "ESP"]
[SourceTitle "playchess.com"]
[Source "ChessBase"]
[SourceQuality "1"]

{[%evp 12,85,10,6,17,20,10,14,12,12,26,0,27,0,0,-4,8,0,47,44,52,36,39,35,77,84,67,77,79,81,79,75,81,88,96,50,158,150,161,147,155,118,125,81,81,48,48,16,16,16,15,19,20,0,0,0,48,40,286,279,329,311,337,293,326,331,313,296,975,1460,1252,906,1702,887,29987,29988]} 1. Nf3 d5 2. g3 g6 3. Bg2 Bg7 4. O-O e5 5. d3 Ne7 6. e4 dxe4 7. dxe4 Qxd1 {A07: Réti Opening: New York and Capablanca Systems.} 8. Rxd1 Nbc6 9. Be3 $5 {[%mdl 4] An interesting side line.} Bg4 {The position is equal.} 10. c3 {[#]} h6 $146 ({Predecessor:} 10... O-O 11. Na3 f6 12. Rd2 a6 13. Rad1 Rfd8 14. h3 Be6 15. b3 Bf8 16. Nc2 Rxd2 17. Rxd2 {0-1 (50) Morselli,S (1921)-Dubois,M (2001) Imperia 2009}) 11. Nbd2 O-O 12. h3 Be6 13. Bf1 Rad8 14. b4 {[%cal Bb2b4,Bb4b5][%mdl 32]} f5 15. b5 Na5 16. Bc5 Rfe8 17. Bb4 ({Wrong is} 17. Bxa7 $2 b6 $17) 17... fxe4 18. Nxe4 Rxd1 19. Rxd1 b6 20. Bxa5 bxa5 21. Nfd2 Rd8 22. Re1 Kh7 23. h4 Bxa2 (23... a4 $14) 24. Ra1 $16 Be6 25. Rxa5 Nc8 26. Kh2 Bf5 27. Bh3 Bf8 28. h5 Bc5 $1 29. hxg6+ Kxg6 30. Bxf5+ Kxf5 31. f3 Bb6 32. Ra2 Nd6 33. c4 {And now c5 would win.} Be3 34. Kg2 Nxe4 $2 {A mistake that costs the game.} (34... h5 $14) 35. Nxe4 $14 {[%mdl 4096] Endgame KRB-KRN} Rd4 {[#]} 36. Ra6 $1 {[%csl Ge4][%cal Ra6f6]} Bg5 {[#]} 37. Rc6 $1 (37. Rxa7 Rxc4 38. Rb7 Rc1 $11) 37... Bd8 {If only Black now had time for ...h5....} 38. Kf2 ({Not} 38. Rxh6 Rxc4 39. Rh5+ Ke6 $16) 38... h5 39. Ke2 Rxe4+ $2 (39... Rd7 40. Rh6 Rd4 41. Rxh5+ Kg6 42. Rxe5 Rxc4) 40. fxe4+ $18 Kxe4 41. Rh6 Kd4 42. Rxh5 e4 43. Rd5+ {[%mdl 64] Double Attack.  Weighted Error Value: White=0.09/Black=0.46} 1-0

[Event "VII Sunway Sitges Open 2020"]
[Site "Sitges"]
[Date "2020.12.19"]
[Round "6.4"]
[White "Narciso Dublan, Marc"]
[Black "Santos Ruiz, Miguel"]
[Result "1/2-1/2"]
[WhiteElo "2492"]
[BlackElo "2581"]
[Annotator "TA"]
[PlyCount "85"]
[EventDate "2020.12.13"]
[EventType "swiss"]
[EventCountry "ESP"]
[SourceTitle "playchess.com"]
[Source "ChessBase"]
[SourceQuality "1"]

{[%evp 9,85,-9,-3,-13,-18,-10,-16,-3,-5,-21,-27,-24,-17,-21,-14,-23,-27,-47,-57,-60,-16,-27,-16,-73,0,-93,-90,-111,-112,-114,25,20,67,67,58,60,69,61,59,59,54,54,54,54,54,54,54,54,127,127,253,223,167,32,50,0,13,13,13,0,0,0,0,13,77,77,77,77,77,77,77,77,77,0,77,0,77,0]} 1. e4 e5 2. Nf3 Nc6 3. g3 d5 4. exd5 Qxd5 5. Nc3 Qd6 6. Bg2 {C44: Ponziani Opening and Scotch Gambit.} Bg4 7. h3 Bh5 8. g4 {The position is equal.} Bg6 9. d3 O-O-O 10. Nh4 Nd4 {[#]} 11. O-O $146 ({Predecessor:} 11. Nxg6 hxg6 12. Ne4 Qd7 13. c3 Ne6 14. Qb3 Qxd3 15. Be3 Qa6 16. Bf1 Qc6 17. Bg2 {0-1 (64) Carlsen,M (2872)-Aronian,L (2775) London 2019}) 11... h5 12. g5 Ne7 13. Ne4 Bxe4 14. Bxe4 f5 15. Bg2 $1 g6 16. Be3 (16. c3 $11 Ne6 17. d4) 16... Nd5 (16... Ne6 $17) 17. c3 (17. Bxd4 $11 {keeps the balance.} exd4 18. Bxd5 Qxd5 19. Re1 (19. Nxg6 $2 Rg8 $17)) 17... Nxe3 $17 18. fxe3 Nc6 19. Qa4 Qxd3 (19... Be7 $1 $17 20. Bxc6 bxc6) 20. Rfe1 $1 $11 {And now Rad1 would win.} Bc5 21. Rad1 $1 $36 {[%cal Rd1d3][%mdl 2048] White has good play.} Bxe3+ 22. Kh1 Bd2 23. Nf3 e4 24. Rxd2 exf3 25. Rxd3 fxg2+ 26. Kxg2 Rxd3 27. Qc4 Rd6 28. b4 {[%cal Bb2b4,Bb4b5][%mdl 1056] Hoping for b5. White has compensation.} Rhd8 {[#]} (28... Rf8 $14) 29. b5 $1 $16 {[%cal Rb5c6]} Na5 (29... Nb8 $16) 30. Qf7 $18 b6 31. Re8 (31. Kg3 $18) 31... Nb7 $1 $14 32. h4 (32. Re7 $5 {[%cal Re7c7]} Rd2+ 33. Kg1 Rd1+ 34. Kg2 R8d2+ 35. Kf3 (35. Kg3 Rd3+ {[%mdl 64] Double Attack} 36. Kf2 Nd6 $11) 35... Rd3+ 36. Re3 $11) 32... Rxe8 33. Qxe8+ $11 {[%mdl 4096] Endgame KQ-KRN} Nd8 34. Kf3 Kb7 35. Kf2 a6 36. c4 axb5 {[#]} (36... a5 $11) 37. c5 $1 $16 {[%cal Rc5d6]} bxc5 {aiming for ...Nc6.} 38. Qxb5+ {[%mdl 64] Double Attack} Rb6 39. Qxc5 Rd6 40. Qb5+ Ka7 41. Qc5+ Kb7 42. Qb5+ Ka7 $1 43. Qc5+ {Weighted Error Value: White=0.21/Black=0.18} (43. Qa4+ $16 Kb6 44. Qc4) 1/2-1/2

[Event "VII Sunway Sitges Open 2020"]
[Site "Sitges"]
[Date "2020.12.19"]
[Round "6.6"]
[White "Fier, Alexandr"]
[Black "Vasquez Schroeder, Rodrigo"]
[Result "1/2-1/2"]
[WhiteElo "2558"]
[BlackElo "2441"]
[Annotator "TA"]
[PlyCount "82"]
[EventDate "2020.12.13"]
[EventType "swiss"]
[EventCountry "ESP"]
[SourceTitle "playchess.com"]
[Source "ChessBase"]
[SourceQuality "1"]

{[%evp 9,82,27,28,26,73,39,42,35,44,32,21,12,0,-38,0,-18,0,-58,-42,-58,-38,-57,-56,-60,-56,-125,-97,-97,-100,-100,-100,-102,-87,-90,-84,-89,-81,-89,-44,-53,-51,-89,-87,-112,-107,-118,-90,-77,-66,-54,-16,-22,-8,-17,-8,0,0,-39,10,10,17,17,17,17,29,24,16,0,0,0,0,0,0,0,6]} 1. e4 c6 2. d4 d5 3. e5 Bf5 4. Nf3 e6 5. Be2 Bg6 6. O-O {B12: Caro-Kann: Advance Variation.} Nh6 7. a4 Nf5 8. a5 {White is slightly better.} a6 9. c3 c5 {[#]} 10. dxc5 $146 ({Predecessor:} 10. Bg5 f6 11. Bf4 Nd7 12. Nbd2 cxd4 13. cxd4 fxe5 14. Nxe5 Nxd4 15. Bg4 Nxe5 16. Bxe5 {1-0 (31) Preotu,R (2495)-Smith,D (2070) chess.com INT 2017}) 10... Bxc5 11. c4 dxc4 12. Qxd8+ Kxd8 13. Nc3 (13. Ra4 $11) 13... Nc6 $15 14. Na4 Nfd4 15. Rd1 Kc7 16. Nxd4 Bxd4 17. Bxc4 ({White should play} 17. Nb6 $15) 17... Bc2 ({Reject} 17... Bxe5 $6 18. Be3 $11) 18. Rd2 Bxa4 19. Rxa4 Bxe5 20. g3 Rad8 21. b4 Rxd2 22. Bxd2 Rd8 23. Ra2 Rxd2 24. Rxd2 $17 {[%mdl 4096] Endgame KRB-KBN} Bc3 25. Rd1 Bxb4 26. f4 g6 27. g4 Nxa5 28. Ba2 Bd6 29. f5 {[%mdl 64] [#] Decoy} gxf5 30. gxf5 exf5 31. Rd5 $1 {[%cal Rd5a5]} Nc6 {Strongly threatening ...Nb4.} 32. Rxf5 Ne5 33. Rh5 Kd7 34. Rxh7 Ke7 35. Kg2 a5 36. Rh8 b6 37. Rg8 Ng6 38. Ra8 {The position is equal.} f5 39. Ra6 Bc5 40. Kg3 Kf6 41. h4 Ke5 {Accuracy: White = 76%, Black = 80%.} 1/2-1/2

[Event "VII Sunway Sitges Open 2020"]
[Site "Sitges"]
[Date "2020.12.19"]
[Round "6.7"]
[White "Sochacki, Christophe"]
[Black "Lopez Martinez, Josep Manuel"]
[Result "1/2-1/2"]
[WhiteElo "2469"]
[BlackElo "2542"]
[Annotator "TA"]
[PlyCount "232"]
[EventDate "2020.12.13"]
[EventType "swiss"]
[EventCountry "ESP"]
[SourceTitle "playchess.com"]
[Source "ChessBase"]
[SourceQuality "1"]

{[%evp 9,232,4,4,12,3,-14,24,0,0,-10,-14,-8,0,0,0,0,58,52,70,59,88,70,108,93,64,39,42,8,16,20,13,23,18,20,24,18,23,28,21,14,44,29,33,0,0,0,52,0,0,0,107,104,120,104,143,145,144,120,120,120,149,158,290,290,314,154,132,60,62,62,226,225,215,147,147,147,147,147,147,147,147,147,147,147,147,147,147,147,147,147,147,147,147,147,147,147,147,147,147,147,147,147,147,147,147,147,147,147,147,147,147,147,147,147,147,0,147,147,147,147,147,147,147,147,147,147,147,24,24,24,24,24,24,24,24,24,24,24,24,24,24,24,24,24,24,24,24,24,24,24,24,24,24,24,24,24,24,24,24,24,24,24,24,24,24,24,24,24,24,24,24,24,28,28,28,24,24,24,24,24,36,24,24,24,24,24,36,0,24,0,36,24,24,24,24,24,24,0,24,24,24,24,24,24,24,24,24,24,24,0,24,24,24,0,24,24,24,0,16,12,12,0,24,24,24]} 1. d4 Nf6 2. Bg5 d5 3. e3 c5 4. Bxf6 gxf6 5. dxc5 e6 6. Nf3 {D00: 1 d4 d5: Unusual lines.} Bxc5 {[#]} 7. Bb5+ $146 ({Predecessor:} 7. Be2 O-O 8. O-O Nc6 9. c4 dxc4 10. Qa4 Nb4 11. Qb5 b6 12. Qxc4 f5 13. Rd1 Qf6 {½-½ (29) Shimanov,A (2613)-So,W (2762) chess.com INT 2019}) 7... Nd7 8. O-O a6 9. Bd3 f5 10. Nbd2 Qf6 11. c4 dxc4 12. Nxc4 e5 ({Black should play} 12... b5 $11 13. Na5 Bb6) 13. e4 $14 f4 14. Be2 Rg8 15. Kh1 Qe6 16. Rc1 b6 17. b4 Be7 $1 18. Qb3 (18. Ncd2 {feels hotter.} Bxb4 19. Bc4 Qe7 20. Bd5 Rb8 21. Rc7) 18... b5 19. Ncxe5 Nxe5 20. Qxe6 Bxe6 21. Nxe5 Bxb4 22. Nd3 Bd6 23. e5 Ba3 24. Rc3 $36 {[%mdl 2048] White has some pressure.} b4 25. Rc2 Bf5 26. Rc4 f3 27. gxf3 Rd8 (27... Be6 $11 28. Rc2 Rc8 29. Rxc8+ Bxc8) 28. Rd1 ({Better is} 28. Nf4 $1 $14) 28... Be6 $11 29. Rc2 a5 (29... b3 $11 {keeps the balance.} 30. Rc3 Bb4 31. Nxb4 Rxd1+ 32. Bxd1 Bh3) 30. Nf4 $1 $16 Rxd1+ 31. Bxd1 Bf5 32. Rc7 Be6 33. Ra7 Rg5 34. Rxa5 Bxa2 35. Bc2 Kd8 (35... b3 $16 {keeps fighting.} 36. Bxb3 (36. Bxh7 Bb4 $16) 36... Bxb3) 36. h4 $18 ({Much less strong is} 36. Bxh7 $6 Bc1 $16) 36... Rg7 37. Nh5 (37. Ra8+ $18 {is more deadly.} Ke7 38. Ba4) 37... Rg6 $16 38. Bxg6 (38. Nf6 $1 $16) 38... hxg6 {[%mdl 4096] Endgame KRN-KB} 39. Nf4 b3 $2 (39... Kc7 $1 $14) 40. Nd3 $18 Be7 41. h5 gxh5 42. f4 $1 Bb1 43. Rb5 $1 Bxd3 44. Rd5+ {[%mdl 64] Double Attack} Kc7 {( -> ...Be4+)} 45. Rxd3 $16 {KR-KB} b2 46. Rb3 Ba3 47. f5 $1 Kc6 48. e6 $1 {[%cal Re6f7]} fxe6 49. f6 $1 Kd7 50. Kg2 Ke8 {intending ...Kf7.} 51. Rb7 $1 b1=Q 52. Rxb1 Kf7 53. Rb5 Kxf6 54. Rxh5 Bb2 55. Rb5 Bc3 56. Kf3 Bd4 57. Ke2 Bc3 58. Kd3 Be5 59. Ke4 Bc3 60. f3 Ba1 61. Rb7 {Cut Off at move 61} Bc3 62. Rb5 Ba1 63. Kf4 Bd4 {[#]} 64. Kg4 $1 Be5 65. Rb6 Bd4 66. Ra6 Bc3 {[#]} 67. Rc6 $1 {[%cal Rc6c3]} Bd4 68. f4 (68. Kf4 $16) 68... Kf7 $11 69. Rc7+ Kf6 70. Rh7 Kg6 71. Rd7 Bc3 72. Rd6 Kf7 $1 73. Kf3 Bb2 74. Rd7+ Kf6 75. Ke4 Bc3 76. Rc7 Bb2 77. Rc2 Ba1 78. Rc1 Bb2 79. Rb1 Bc3 80. Kd3 Ba5 $1 81. Rb7 Be1 82. Rc7 Bb4 83. Ke4 Bd6 84. Rb7 {Strongly threatening Ra7.} Bc5 85. Rh7 Bf8 86. Ra7 Bd6 87. Ra6 Ke7 $1 88. Kf3 Bc5 89. Ra4 Kf6 90. Kg4 Bf8 91. Ra6 {f5 is the strong threat.} Kf7 92. Ra7+ Kf6 93. Kf3 Bg7 94. Ke4 {Hoping for Rc7.} Kg6 95. Rc7 Bf6 96. Rc6 Kf7 97. Ra6 Bg7 98. Ra7+ Kg6 99. Ra6 Kf7 100. Kd3 Kf6 101. Ra7 Kg6 102. Ra5 Kf7 103. Ra6 Kf6 104. Ke3 {aiming for Ke4.} Kf7 105. Kf3 Bd4 106. Kg4 {Threatens to win with Ra4.} Bc3 107. Ra7+ Kg6 108. Re7 Kf6 109. Rc7 Bb2 110. Kf3 Ba1 111. Ke4 {Black must now prevent Rc2.} Bb2 112. Rb7 Bc3 113. Kd3 Ba5 114. Ra7 Bb4 115. Ke4 {And now Rd7 would win.} Bc3 116. Ra3 Bb2 {Blacks defense is rewarded with a draw.  Weighted Error Value: White=0.10/Black=0.21} 1/2-1/2

[Event "VII Sunway Sitges Open 2020"]
[Site "Sitges"]
[Date "2020.12.19"]
[Round "6.8"]
[White "Stefanova, Antoaneta"]
[Black "Checa, Nicolas"]
[Result "1/2-1/2"]
[WhiteElo "2466"]
[BlackElo "2527"]
[Annotator "TA"]
[PlyCount "105"]
[EventDate "2020.12.13"]
[EventType "swiss"]
[EventCountry "ESP"]
[SourceTitle "playchess.com"]
[Source "ChessBase"]
[SourceQuality "1"]

{[%evp 10,105,35,36,46,52,54,16,29,29,34,23,23,23,10,10,14,11,23,27,26,-67,-64,-58,-36,-24,-36,-68,-67,-58,-58,-58,-37,-46,-20,-57,-37,-61,-47,-46,0,0,0,0,0,0,0,0,0,0,33,0,0,0,0,0,0,0,0,0,0,0,0,0,0,0,52,69,35,0,0,0,0,0,0,0,0,0,0,0,0,0,0,0,0,0,0,0,0,0,0,0,0,0,0,-10,-10,-10]} 1. d4 d5 2. c4 c6 3. Nf3 Nf6 4. Nc3 a6 5. c5 Bf5 6. Qb3 Qc8 {6...Ra7 injects fresh life into this line. D15: Slav Defence: 4 Nc3 a6 and gambit lines after 4 Nc3 dxc4.} 7. Nh4 Bg6 8. Bg5 Nbd7 {[#]} 9. g3 $146 ({Predecessor:} 9. Nxg6 hxg6 10. e4 e6 11. Bd3 Be7 12. e5 Ng8 13. Be3 Nh6 14. Qc2 Nf5 15. g4 Nxe3 16. fxe3 {½-½ (28) Ruxton,K (2344)-Berry,N (2341) Oban 2006}) 9... e6 10. Bg2 Bh5 11. h3 Be7 12. g4 h6 13. Be3 Nh7 14. Nf3 Bg6 15. Ne5 (15. Bf4 $11) 15... Nxe5 $15 16. dxe5 Nf8 17. Na4 {Threatening Nb6.} Nd7 18. Nb6 Nxb6 19. Qxb6 a5 {[%cal Ba6a5,Ba5a4][%mdl 32] [#] And now ...Bc2 would win.} 20. Qb3 a4 21. Qc3 Qc7 22. O-O Qa5 23. f4 Qxc3 24. bxc3 Ra5 25. f5 Bh7 26. Rab1 Bxc5 27. Bxc5 Rxc5 28. Rxb7 O-O 29. Rf3 Rb5 30. Ra7 (30. Rc7 {seems wilder.} Rc5 31. Rf4 Rxc3 32. Rxa4 Rc1+ 33. Kf2) 30... Rb2 31. fxe6 fxe6 32. Rxf8+ Kxf8 33. Rxa4 Rxe2 $11 {[%mdl 4096] Endgame KRB-KRB} 34. Ra8+ Kf7 35. Ra7+ Kf8 36. Ra8+ Kf7 37. Ra7+ Kg6 (37... Kg8 $11) 38. Bf1 $14 Re3 39. c4 h5 {The position is equal.} 40. gxh5+ Kxh5 41. Rxg7 Be4 42. Re7 Bf5 43. Rc7 Rg3+ 44. Kf2 Ra3 45. Rxc6 {aiming for cxd5.} Rxa2+ 46. Ke1 Ra1+ 47. Kf2 {cxd5 is the strong threat.} Ra2+ 48. Ke1 dxc4 49. Bxc4 Ra5 50. Kf2 Rxe5 51. Be2+ Kg5 52. Bg4 Bxg4 53. hxg4 {Weighted Error Value: White=0.08/Black=0.07} 1/2-1/2

[Event "VII Sunway Sitges Open 2020"]
[Site "Sitges"]
[Date "2020.12.19"]
[Round "6.9"]
[White "Garriga Cazorla, Pere"]
[Black "Korobov, Anton"]
[Result "0-1"]
[WhiteElo "2487"]
[BlackElo "2683"]
[Annotator "TA"]
[PlyCount "82"]
[EventDate "2020.12.13"]
[EventType "swiss"]
[EventCountry "ESP"]
[SourceTitle "playchess.com"]
[Source "ChessBase"]
[SourceQuality "1"]

{[%evp 28,82,14,14,9,0,10,0,25,10,20,0,0,0,0,0,0,0,0,0,13,0,6,17,17,-50,0,0,0,0,0,-185,-104,-93,-44,-511,-495,-560,-540,-548,-546,-611,-590,-573,-463,-463,-403,-425,-393,-936,-569,-1002,-889,-4594,-1246,-1135,-1071]} 1. d4 d5 2. c4 e6 3. Nc3 c6 4. Nf3 dxc4 5. a4 Bb4 6. e3 b5 7. Bd2 a5 8. axb5 Bxc3 9. Bxc3 cxb5 10. b3 Bb7 11. bxc4 b4 12. Bb2 Nf6 13. Bd3 O-O $1 {[%mdl 4] outshines the older 13...Nbd7.} 14. O-O Nbd7 15. Nd2 h6 {[#] D31: Queen's Gambit Declined: Semi-Slav without ...Nf6 (+ Marshall Gambit and Noteboom) and Exchange Variation lines without ...Nf6.} 16. Qe2 $146 ({Predecessor:} 16. Bc2 Qc7 17. f3 Rfc8 18. Rf2 e5 19. Rc1 exd4 20. exd4 Qd6 21. Bb3 Qa6 22. Ra1 Re8 23. Qc2 {1-0 (41) Maerevoet,S (2383)-Godart,F (2439) Bruges 2020}) 16... a4 17. Rab1 Qe7 {The position is equal.} 18. f4 b3 19. Ba1 Ne8 20. e4 Nc7 21. e5 f5 22. exf6 Nxf6 23. Bc3 Qd7 24. Rbc1 Rab8 25. Rce1 Qd6 26. f5 ({White should play} 26. Rf2 $11) 26... Rbe8 27. Qe5 Qc6 {[%csl Gb7][%cal Rc6g2]} 28. Qg3 exf5 {...Nh5 is the strong threat.} 29. Nf3 $2 (29. Rxe8 $1 $11 Rxe8 30. Rxf5) 29... f4 ({Black should try} 29... Ne4 $19 30. Bxe4 Rxe4) 30. Qg6 $17 {[#]} Ncd5 $1 $36 {[%cal Rd5c3][%mdl 2624] Pin. Black is more active.} 31. Ba1 $2 {[%mdl 8192] This costs White the game.} ({Avoid the trap} 31. Rxe8 $2 Rxe8 32. Bb2 (32. Ne5 $2 Rxe5 33. dxe5 Ne7 $19) 32... Ne7 $19) (31. Ne5 $1 $15 Ne7 32. Nxc6 Nxg6 33. Bxg6 Rxe1 34. Rxe1 Bxc6 35. Bb2) (31. cxd5 Qxc3) 31... Ne7 $19 32. Rxe7 Rxe7 33. d5 Qe8 34. Bd4 Qxg6 35. Bxg6 Rc8 36. Ne5 Nd7 37. Nxd7 {And now Nb6 would win.} Rxd7 38. Bd3 $2 (38. Bb2 Rxc4 39. Re1) 38... a3 {Threatens to win with ...Bxd5!Black is clearly winning.} 39. Rxf4 b2 40. Bf5 Rxc4 (40... Rf7 $142 41. Bxb2 Rxf5 42. Bxa3 Rxf4) 41. Be6+ Kh7 {Weighted Error Value: White=0.73/Black=0.59} 0-1

[Event "VII Sunway Sitges Open 2020"]
[Site "Sitges"]
[Date "2020.12.19"]
[Round "6.10"]
[White "Grigoryan, Karen H."]
[Black "Maurizzi, Marc Andria"]
[Result "1/2-1/2"]
[WhiteElo "2659"]
[BlackElo "2445"]
[Annotator "TA"]
[PlyCount "117"]
[EventDate "2020.12.13"]
[EventType "swiss"]
[EventCountry "ESP"]
[SourceTitle "playchess.com"]
[Source "ChessBase"]
[SourceQuality "1"]

{[%evp 9,117,17,24,-9,-9,-8,28,22,-8,-2,4,-18,-6,-20,1,-21,7,-13,0,0,-4,-19,-11,-9,0,-41,-24,-60,0,-37,-13,-4,-16,-21,0,-90,-81,-84,-91,-122,-122,-166,-145,-161,-100,-96,-93,-108,-37,-31,-40,-69,36,-42,35,36,158,156,147,151,156,124,98,105,100,85,223,216,265,265,211,249,227,210,207,210,204,204,204,204,204,204,204,204,204,204,204,204,29964,29965,29969,29970,29971,29972,29972,29973,29973,29972,29974,29975,29975,29976,29976,29977,29977,29978,29978,29979,29979,29980]} 1. e4 e5 2. Nf3 Nc6 3. Bb5 a6 4. Ba4 Nf6 5. d3 Bc5 6. Bg5 {C77: Ruy Lopez: 3...a6 4 Ba4 Nf6, unusual lines.} h6 7. Bh4 g5 8. Bg3 {White has an edge.} d6 9. c3 Ba7 10. Nbd2 {[%cal Bb1d2,Bd2f1,Bf1e3,Be3f5][%mdl 32]} Bd7 11. Nf1 Ne7 12. Ne3 Ng6 {[#]} 13. O-O $146 ({Predecessor:} 13. Bb3 Qe7 14. Qc2 O-O-O 15. O-O-O Nf4 16. Rhe1 N4h5 17. Nd2 Nxg3 18. hxg3 {½-½ (43) Naiditsch,A (2701)-Vitiugov,N (2735) Karlsruhe/Baden-Baden 2018}) 13... h5 {...h4 is the strong threat.} 14. h4 $1 Ng4 {[%cal Rg5h4]} 15. Bxd7+ (15. hxg5 $2 Bxe3 16. fxe3 Nxe3 $19) 15... Qxd7 16. Nf5 (16. Nxg5 Bxe3 17. fxe3 f6 $17) 16... gxh4 17. N3xh4 O-O-O 18. d4 Rdg8 (18... exd4 $15 19. cxd4 Kb8) 19. Qf3 exd4 20. cxd4 Kb8 21. Rfe1 Bb6 22. b4 (22. Rad1 $11 {keeps the balance.}) 22... Nxh4 $17 23. Bxh4 Nh6 $1 24. Ne7 Rg4 $1 25. Qf6 Re8 26. Nd5 Ng8 ({Worse is} 26... Rexe4 27. Qxh6 Rxh4 28. Rxe4 $11) ({But not} 26... Rgxe4 27. Rxe4 Rxe4 28. Qxh6 $15) (26... Rg6 $1 $19 {[%cal Rg6f6]} 27. Qf3 (27. Nxb6 Qg4 $17) 27... Bxd4) 27. Qf5 Qxf5 28. exf5 Rxe1+ (28... Rge4 $1 $17 {[%cal Re4e1]} 29. Rxe4 Rxe4) 29. Rxe1 $15 Bxd4 {Strongly threatening ...c6.} 30. g3 Nh6 ({Better is} 30... Kc8 $15 31. Kg2 Kd7) 31. Re8+ $14 Ka7 32. Ne7 {[#]} Kb6 (32... d5 $1 $14 {[%mdl 512]}) 33. f6 $1 $16 Rxh4 34. gxh4 {[%mdl 4096] Endgame KRN-KBN} Ng4 35. Nf5 Bxf6 {[#]} 36. Rf8 $1 Ne5 37. f4 Ng6 (37... Nd3 $16) 38. Rxf7 $18 Bc3 {[#]} 39. Ne7 $1 {[%cal Re7g6]} Nxe7 40. Rxe7 {KR-KB} Bf6 41. Re6 Bxh4 42. f5 Kc6 43. Rh6 Kd5 44. Rxh5 Bf6 45. Rh7 c5 46. bxc5 dxc5 47. Rxb7 Ke4 48. Ra7 c4 $2 (48... Kxf5 $18 49. Rxa6 Bc3) 49. Rxa6 {White mates.} Kxf5 50. Rc6 c3 51. Kf2 Bd4+ 52. Ke2 Ke4 53. Rc8 Bb6 54. Rxc3 Kd4 55. Rb3 Kc5 56. a4 Bd8 57. Rb5+ Kc6 58. Kd3 Bb6 59. Kc4 {[%mdl 32768] What a bad dream for Black.  Weighted Error Value: White=0.11/Black=0.26. An unexpected result.} 1/2-1/2

[Event "VII Sunway Sitges Open 2020"]
[Site "Sitges"]
[Date "2020.12.19"]
[Round "6.12"]
[White "Maze, Sebastien"]
[Black "Garcia Ramos, Daniel"]
[Result "1-0"]
[WhiteElo "2557"]
[BlackElo "2380"]
[Annotator "TA"]
[PlyCount "99"]
[EventDate "2020.12.13"]
[EventType "swiss"]
[EventCountry "ESP"]
[SourceTitle "playchess.com"]
[Source "ChessBase"]
[SourceQuality "1"]

{[%evp 11,99,32,49,37,42,29,41,33,49,44,49,54,49,51,59,57,59,54,87,83,83,87,104,109,125,105,147,139,212,166,239,141,225,162,251,254,337,333,286,277,343,338,320,318,351,333,422,387,456,452,455,421,398,375,505,501,480,419,481,367,482,388,1131,1079,1355,686,653,645,570,0,504,442,1203,1060,1179,1209,1193,1138,1168,1157,1129,1033,1320,989,1297,1183,983,1001,1903,1745]} 1. e4 e5 2. Nf3 Nc6 3. Bb5 a6 4. Ba4 d6 5. O-O Bd7 6. d4 Nf6 7. d5 {C79: Ruy Lopez: Steinitz-type lines with 3...a6 4 Ba4 Nf6 5 0-0 d6.} Nb8 8. Bxd7+ Nbxd7 9. Re1 {White is slightly better.} g6 10. c4 Bg7 11. Nc3 O-O 12. Be3 {[#]} h6 $146 ({Predecessor:} 12... Ng4 13. Bg5 Qb8 14. h3 Ngf6 15. b4 Nh5 16. Be3 b6 17. Nd2 Qe8 18. Nb3 f5 {1-0 (69) Nedev,T (2528)-Pancevski,F (2340) Skopje 2007}) 13. Nd2 Nh5 14. b4 Qe8 {White leaves nothing to chance now.} 15. c5 f5 {[#] Strongly threatening ...f4.} 16. f3 $1 f4 17. Bf2 g5 18. Nc4 Qe7 19. a4 Kh8 (19... dxc5 $16 20. bxc5 Nxc5) 20. Rb1 Rg8 {[#]} (20... dxc5 $142 21. d6 cxd6) 21. a5 (21. c6 $1 $18 {[%cal Rc6b7]} bxc6 22. dxc6) 21... Bf8 (21... Nhf6 $16 {might work better.} 22. b5 dxc5) 22. b5 Ndf6 (22... dxc5 {was called for.} 23. bxa6 bxa6) 23. h3 $18 Ng3 24. bxa6 bxa6 25. Rb7 Qd8 26. Bxg3 fxg3 27. Ne2 {[%cal Bc3e2,Be2g3,Bg3f5][%mdl 32]} Nh5 28. c6 Nf4 29. Ne3 Rg7 30. Nxg3 h5 31. Ngf5 Rf7 32. Kh2 Kh7 33. g3 Ng6 34. Qb3 Bh6 35. g4 Nf4 36. Rb1 Qf6 $2 (36... hxg4 37. hxg4 Bf8) 37. Rb8 Rf8 38. Rxa8 Rxa8 39. Qb7 Qd8 40. Qb3 $2 ({White should try} 40. Nc4 $18) 40... Kg6 $2 {[%mdl 8192]} (40... Qf6 $1 $11 41. gxh5 Qd8) 41. Ng2 {White is clearly winning.} Bg7 (41... Ne2 $142 42. Qd3 Nd4 43. Nxd4 exd4 44. e5+ Kg7) 42. Nxf4+ exf4 43. gxh5+ Kh7 44. Qd3 Be5 45. Rb7 Kh8 46. Qf1 Bc3 47. Qc1 Be5 48. Qg1 Bc3 {[#]} 49. h4 $1 Bf6 (49... gxh4 50. Qg6) 50. Qg4 {Weighted Error Value: White=0.40/Black=0.57} 1-0